000 00344nam a2200145Ia 4500
008 230917s9999||||xx |||||||||||||| ||und||
040 _e243227
_aMAIN
041 _aEnglish
082 _a332.673 M896I
100 _aMukhtiar Singh
245 0 _aImpact of FDI on economic growth in India
260 _c2013
300 _a58 p.
942 _cTH
999 _c127530
_d127530